Vista normal Vista MARC

Entrada Topical Term

Número de registros utilizados en: 1

001 - CONTROL NUMBER

  • control field: 37866

003 - CONTROL NUMBER IDENTIFIER

  • control field: OSt

005 - DATE AND TIME OF LATEST TRANSACTION

  • control field: 20210525122304.0

008 - FIXED-LENGTH DATA ELEMENTS

  • fixed length control field: 210525|| aca||aabn | a|a d

040 ## - CATALOGING SOURCE

  • Original cataloging agency: OSt
  • Transcribing agency: OSt

150 ## - HEADING--TOPICAL TERM

  • Topical term or geographic name entry element: Utilización de los recursos

670 ## - SOURCE DATA FOUND

  • Source citation: Work cat.: (OSt)7873: Cárdenas, Juan Camilo, 15690 autor, Dilemas de lo colectivo : , 2009